LEADER 00948nam0 22002651i 450 001 UON00324972 005 20231205104156.360 100 $a20090629d1974 |0itac50 ba 101 $apor 102 $aBR 105 $a|||| ||||| 200 1 $aAs meninas$fLygia Fagundes Telles 205 $a2a ed 210 $aRio de Janeiro$cLivraria José Olympio Editora$d1974 215 $aIX, 266 p.$d21 cm. 606 $aLetteratura brasiliana$xNarrativa$3UONC042279$2FI 620 $aBR$dRio de Janeiro$3UONL001554 700 1$aTELLES$bLygia Fagundes$3UONV132236$0623947 712 $aJosé Olympio$3UONV275444$4650 801 $aIT$bSOL$c20251107$gRICA 899 $aSIBA - SISTEMA BIBLIOTECARIO DI ATENEO$2UONSI 912 $aUON00324972 950 $aSIBA - SISTEMA BIBLIOTECARIO DI ATENEO$dSI III 0407 $eSI LO 190 5 0407 996 $aAs meninas$91370035 997 $aUNIOR